000 00661nam a22001937a 4500
005 20240530110930.0
008 220214s1982 ua g 000 p ara d
017 _bمصر. دار الكتب
040 _aEG-CaGPL
_cEG-CaGPL
082 0 4 _221
_a811.094/
_bم و
100 0 _aميشال سليمان
245 1 0 _aورد : وانتظار يقرع الابواب : شعر /
_cميشال سليمان
250 _aط. 1
260 _aبيروت :
_bالمؤسسة الجامعية للدراسات والنشر والتوزيع،
_c1982
300 _a191 ص. ؛
_c20 سم
650 0 7 _2qrmak
_aالشعر العربى
651 _2qrmak
942 _2ddc
_cBK
999 _c66630
_d66630